000
00223nam a2200097Ia 4500
008
240331s9999 xx 000 0 und d
082
_b
VAN
100
_a
Vanamamalai, N
245
0
_a
Thamilar panpadum thaththuvamum
942
_c
L
999
_c
2127
_d
2127